[Event "World Blitz 2016"]
[Site "Doha QAT"]
[Date "2016.12.30"]
[Round "14.51"]
[White "Zhang, Zhong"]
[Black "Stratonowitsch, Andre"]
[Result "1-0"]
[WhiteTitle "GM"]
[WhiteElo "2645"]
[BlackElo "2138"]
[WhiteFideId "8600694"]
[BlackFideId "24613959"]
[EventDate "2016.12.29"]

1. e4 c5 2. Nf3 e6 3. c3 d5 4. exd5 exd5 5. d4 Nf6 6. Bb5+ Nc6 7. O-O Be7 8.
dxc5 Bxc5 9. Re1+ Be7 10. Qe2 h6 11. Bf4 a6 12. Bxc6+ bxc6 13. Nd4 Qd7 14. Nxc6
Ne4 15. Nxe7 Qxe7 16. f3 Qf6 17. Bg3 O-O 18. fxe4 dxe4 19. Nd2 Qb6+ 20. Bf2 Qxb2
21. Nxe4 Bf5 22. Qxb2 1-0

[Event "World Blitz 2016"]
[Site "Doha QAT"]
[Date "2016.12.30"]
[Round "14.52"]
[White "Tissir, Mohamed"]
[Black "Gashimov, Sarkhan"]
[Result "0-1"]
[WhiteTitle "IM"]
[WhiteElo "2376"]
[BlackElo "2351"]
[WhiteFideId "9000240"]
[BlackFideId "13400657"]
[EventDate "2016.12.29"]

1. e4 d5 2. exd5 Qxd5 3. Nc3 Qa5 4. d4 e5 5. dxe5 Nc6 6. Bb5 Bd7 7. e6 fxe6 8.
Nf3 O-O-O 9. O-O Nf6 10. Qe2 Bb4 11. Bd2 a6 12. a3 Bxc3 13. Bxc6 Bxd2 14. b4 Qh5
15. Bxd7+ Rxd7 16. Rad1 Rhd8 17. c4 Kb8 18. h3 Bf4 19. Rxd7 Rxd7 20. Qxe6 Qf7
21. Qf5 Qxc4 22. Re1 Bd6 23. Qb1 Qf4 24. b5 axb5 25. Qxb5 Re7 26. Rb1 Qe4 27.
Nd4 Qe1+ 0-1

[Event "World Blitz 2016"]
[Site "Doha QAT"]
[Date "2016.12.30"]
[Round "14.53"]
[White "khayat, Abdullah F"]
[Black "Aleksandrov, Aleksej"]
[Result "0-1"]
[BlackTitle "GM"]
[WhiteElo "1732"]
[BlackElo "2574"]
[WhiteFideId "21500460"]
[BlackFideId "13500139"]
[EventDate "2016.12.29"]

1. Nf3 Nf6 2. g3 b5 3. Bg2 Bb7 4. O-O c5 5. c4 bxc4 6. d4 cxd3 7. exd3 e6 8. Nc3
Be7 9. Bf4 O-O 10. Re1 Nc6 11. a3 h6 12. Qc2 Rc8 13. Rad1 Ba8 14. Ne5 Nd4 15.
Qb1 d6 16. Nc4 Nf3+ 17. Bxf3 Bxf3 18. Rd2 Ba8 19. Nb5 e5 20. Be3 Qd7 21. Nc3 Qc6
22. Ne4 Nd7 23. Na5 Qd5 24. Nc4 f5 25. h3 fxe4 26. dxe4 Qxc4 27. b3 Qxe4 28. Qa2
Qg2# 0-1

[Event "World Blitz 2016"]
[Site "Doha QAT"]
[Date "2016.12.30"]
[Round "15.7"]
[White "Wojtaszek, Radoslaw"]
[Black "Korobov, Anton"]
[Result "1/2-1/2"]
[WhiteTitle "GM"]
[BlackTitle "GM"]
[WhiteElo "2749"]
[BlackElo "2692"]
[WhiteFideId "1118358"]
[BlackFideId "14105730"]
[EventDate "2016.12.29"]

1. d4 Nf6 2. c4 e6 3. Nf3 b6 4. g3 Bb7 5. Bg2 Be7 6. O-O O-O 7. Nc3 Ne4 8. Bd2
d5 9. cxd5 exd5 10. Rc1 Nd7 11. Bf4 Nxc3 12. bxc3 c5 13. Ne5 Nf6 14. Bg5 Ne4 15.
Bxe7 Qxe7 16. Nd3 Rac8 17. dxc5 bxc5 18. Qa4 Bc6 19. Qa5 Qc7 20. Qxc7 Rxc7 21.
Bxe4 dxe4 22. Nxc5 Bd5 23. Nb3 Bc4 24. Rc2 Rfc8 25. Rd1 f5 26. Rd6 Bxb3 27. axb3
Rxc3 28. Rxc3 Rxc3 29. Rd8+ Kf7 30. Rd7+ Kf6 1/2-1/2

[Event "World Blitz 2016"]
[Site "Doha QAT"]
[Date "2016.12.30"]
[Round "15.10"]
[White "Matlakov, Maxim"]
[Black "Artemiev, Vladislav"]
[Result "0-1"]
[WhiteTitle "GM"]
[BlackTitle "GM"]
[WhiteElo "2694"]
[BlackElo "2653"]
[WhiteFideId "4168003"]
[BlackFideId "24101605"]
[EventDate "2016.12.29"]

1. d4 d5 2. Nf3 Nf6 3. c4 c6 4. e3 Bf5 5. Nc3 e6 6. Nh4 Bg6 7. Be2 Nbd7 8. g3
Bd6 9. O-O Qe7 10. Nxg6 hxg6 11. Qb3 Rb8 12. Qc2 dxc4 13. f4 O-O 14. e4 c5 15.
e5 cxd4 16. exd6 Qd8 17. Bxc4 dxc3 18. bxc3 Qb6+ 19. Qf2 Qxd6 20. Qxa7 Rfc8 21.
Be2 Rxc3 22. Rd1 Qc5+ 23. Qxc5 Nxc5 24. Bd2 Rc2 25. Rac1 Rxc1 26. Rxc1 Nce4 27.
Be3 Ra8 28. Rc2 Nd5 29. Bd4 Nb4 30. Rb2 Rxa2 31. Rxb4 Rxe2 32. Rxb7 Nd2 33. Bf2
Nf3+ 34. Kf1 Ra2 35. h3 Nd2+ 36. Kg1 Ne4 37. Rb8+ Kh7 38. Be3 Nxg3 39. Rb7 Nf5
40. Bf2 f6 41. Rb6 Ra4 42. Rxe6 Rxf4 43. Kg2 g5 44. Ra6 Kg6 45. Ra5 Rc4 46. Ra7
Nd6 47. Be3 Rc3 48. Bd4 Rc2+ 49. Kg1 Nb5 50. Ra4 Nxd4 0-1

[Event "World Blitz 2016"]
[Site "Doha QAT"]
[Date "2016.12.30"]
[Round "15.12"]
[White "Nepomniachtchi, Ian"]
[Black "Dreev, Aleksey"]
[Result "1/2-1/2"]
[WhiteTitle "GM"]
[BlackTitle "GM"]
[WhiteElo "2767"]
[BlackElo "2652"]
[WhiteFideId "4168119"]
[BlackFideId "4100107"]
[EventDate "2016.12.29"]

1. e4 c6 2. d4 d5 3. e5 Bf5 4. h4 h6 5. g4 Bd7 6. Be3 Qb6 7. Nd2 e6 8. Nb3 Na6
9. h5 c5 10. dxc5 Nxc5 11. Nf3 Qc7 12. c3 b6 13. Nbd4 a6 14. Qc2 Ne7 15. O-O-O
b5 16. Kb1 Nc8 17. g5 Be7 18. gxh6 gxh6 19. Rg1 Nb6 20. b3 Ne4 21. Ne2 O-O-O 22.
Nd2 Bc6 23. Nd4 Bb7 24. Nxe4 dxe4 25. Bxb5 Rxd4 26. Bxd4 axb5 27. Rg7 Rf8 28.
Rdg1 Nd5 29. Kb2 Kd7 30. Rg8 Qa5 31. Qd2 Ba3+ 32. Kb1 Rxg8 33. Rxg8 Kc7 34. Rg7
e3 35. Rxf7+ Kb8 36. fxe3 b4 37. Rxb7+ Kxb7 38. c4 Nc3+ 39. Bxc3 bxc3 40. Qd7+
Kb8 41. Qxe6 Bb4 42. a4 Qc5 43. Qe8+ Kc7 44. Qf7+ Kd8 45. Qf6+ Ke8 46. Qe6+ Kd8
47. Qd5+ Ke7 48. Qxc5+ Bxc5 49. Kc2 Bb4 50. c5 Kd7 51. e4 Ke6 52. c6 Ba5 53. Kd3
Ke7 54. Kc2 Ke6 55. Kd3 Ke7 56. Kc2 1/2-1/2

[Event "World Blitz 2016"]
[Site "Doha QAT"]
[Date "2016.12.30"]
[Round "15.13"]
[White "Salem, A.R. Saleh"]
[Black "Mamedov, Rauf"]
[Result "1-0"]
[WhiteTitle "GM"]
[BlackTitle "GM"]
[WhiteElo "2656"]
[BlackElo "2688"]
[WhiteFideId "9301348"]
[BlackFideId "13401653"]
[EventDate "2016.12.29"]

1. d4 d6 2. e4 g6 3. Nc3 Bg7 4. f4 Nf6 5. Nf3 O-O 6. e5 dxe5 7. fxe5 Nd5 8. Bc4
Be6 9. Nxd5 Bxd5 10. Bxd5 Qxd5 11. Qe2 Nc6 12. c4 Qa5+ 13. Bd2 Qa6 14. d5 Na5
15. Rc1 b6 16. O-O Rad8 17. Bg5 f6 18. Bh4 Nb7 19. Nd4 Nc5 20. b4 Rxd5 21. cxd5 1-0

[Event "World Blitz 2016"]
[Site "Doha QAT"]
[Date "2016.12.30"]
[Round "15.14"]
[White "Naiditsch, Arkadij"]
[Black "Jobava, Baadur"]
[Result "0-1"]
[WhiteTitle "GM"]
[BlackTitle "GM"]
[WhiteElo "2687"]
[BlackElo "2702"]
[WhiteFideId "4650891"]
[BlackFideId "13601520"]
[EventDate "2016.12.29"]

1. e4 e5 2. Nf3 Nf6 3. Nc3 d6 4. d4 Nbd7 5. Bc4 Be7 6. O-O O-O 7. Re1 a6 8. a4
b6 9. h3 Bb7 10. d5 Ne8 11. Bf1 g6 12. Bh6 Ng7 13. Qd2 a5 14. Bb5 Nc5 15. Rad1
f6 16. b3 Rf7 17. Be3 f5 18. Bc6 Bxc6 19. dxc6 Qe8 20. Bxc5 bxc5 21. Qd5 Ra6 22.
Qc4 Qxc6 23. Nd5 Kf8 24. exf5 Nxf5 25. Nxc7 Ra7 26. Ne6+ Ke8 27. Nfg5 Bxg5 28.
Nxg5 Rf8 29. Ne4 Rd7 30. Rd5 Ne7 31. Nxd6+ Rxd6 32. Rdxe5 Rf7 33. Rxc5 Qb6 34.
Rc8+ Rd8 35. Rxd8+ Qxd8 36. Qb5+ Kf8 37. Qe5 Qb6 38. Qe3 Qxe3 39. Rxe3 Nd5 40.
Re5 Rf5 41. Re6 Nb4 42. c3 Nd3 43. Rb6 Nxf2 44. b4 Ne4 45. Rb8+ Kg7 46. Ra8 Nxc3
47. bxa5 Nxa4 48. a6 Ra5 49. a7 Kh6 50. g4 Kg5 51. Kg2 Kh4 52. Kh2 g5 53. Kg2
Nb6 54. Rb8 Rxa7 55. Rxb6 Ra2+ 56. Kf3 Ra3+ 57. Kg2 Rg3+ 58. Kf2 Rxh3 59. Kg2
Rg3+ 60. Kh2 Rh3+ 61. Kg2 Rc3 62. Rh6+ Kxg4 63. Rxh7 Rc2+ 64. Kf1 Kg3 65. Rg7 g4
66. Rd7 Rc1+ 67. Ke2 Kg2 0-1

[Event "World Blitz 2016"]
[Site "Doha QAT"]
[Date "2016.12.30"]
[Round "15.16"]
[White "Khusnutdinov, Rustam"]
[Black "Onischuk, Vladimir"]
[Result "1/2-1/2"]
[WhiteTitle "GM"]
[BlackTitle "GM"]
[WhiteElo "2458"]
[BlackElo "2601"]
[WhiteFideId "13701703"]
[BlackFideId "14114038"]
[EventDate "2016.12.29"]

1. Nc3 g6 2. e4 Bg7 3. d4 d6 4. Be3 a6 5. Nf3 Nf6 6. Bd3 Nc6 7. h3 e5 8. d5 Ne7
9. Qd2 h6 10. O-O Kf8 11. Nh2 Kg8 12. f4 exf4 13. Rxf4 g5 14. Rf2 Ng6 15. Raf1
Ne5 16. Ne2 Qe7 17. Nd4 Bd7 18. Nf5 Bxf5 19. Rxf5 Re8 20. Qf2 Nfd7 21. Be2 Rh7
22. Re1 Nc5 23. Bxc5 dxc5 24. c3 b5 25. Kh1 c4 26. Rf1 Rf8 27. Ng4 Nxg4 28. Bxg4
Be5 29. Qa7 Qd6 30. Rxe5 Qxe5 31. Bf5 Qd6 32. Bxh7+ Kxh7 33. Qd4 f6 34. Rf5 Kg7
35. Kg1 Re8 36. Rf2 Re7 37. Re2 Qe5 38. Qa7 Qd6 39. Qf2 c6 40. dxc6 Qxc6 41. Qd4
Rd7 42. Qe3 Rd1+ 43. Re1 Rxe1+ 44. Qxe1 Qc5+ 45. Qf2 Qd6 46. Qe3 h5 47. Kf2 h4
48. Ke2 Kf7 49. Qa7+ Ke6 50. Qe3 a5 51. Kf2 b4 52. Ke2 a4 53. cxb4 Qxb4 54. Qd4
Qb5 55. Ke3 Qc6 56. a3 Qb5 57. Kd2 Ke7 58. Ke3 Ke6 59. Kd2 1/2-1/2

[Event "World Blitz 2016"]
[Site "Doha QAT"]
[Date "2016.12.30"]
[Round "15.17"]
[White "Mchedlishvili, Mikheil"]
[Black "Adly, Ahmed"]
[Result "1-0"]
[WhiteTitle "GM"]
[BlackTitle "GM"]
[WhiteElo "2601"]
[BlackElo "2599"]
[WhiteFideId "13600966"]
[BlackFideId "10601619"]
[EventDate "2016.12.29"]

1. d4 d5 2. c4 e6 3. Nf3 Nf6 4. g3 dxc4 5. Bg2 c5 6. O-O Nc6 7. Qa4 Bd7 8. Qxc4
b5 9. Qc3 Nd5 10. Qd2 Rc8 11. Rd1 cxd4 12. Nxd4 Bc5 13. Nxb5 Qb6 14. e4 Bb4 15.
N1c3 Bxc3 16. Nd6+ Ke7 17. Nxc8+ Rxc8 18. bxc3 Nf6 19. Ba3+ Ke8 20. Rab1 Qa5 21.
Qd6 Qe5 22. Qf8# 1-0

[Event "World Blitz 2016"]
[Site "Doha QAT"]
[Date "2016.12.30"]
[Round "15.18"]
[White "Lu, Shanglei"]
[Black "Bu, Xiangzhi"]
[Result "1/2-1/2"]
[WhiteTitle "GM"]
[BlackTitle "GM"]
[WhiteElo "2627"]
[BlackElo "2705"]
[WhiteFideId "8603332"]
[BlackFideId "8601445"]
[EventDate "2016.12.29"]

1. e4 e5 2. Bc4 Nf6 3. d3 Nc6 4. Nf3 Bc5 5. O-O d6 6. c3 a6 7. Bb3 Ba7 8. Re1 h6
9. Nbd2 Nh5 10. Nf1 Qf6 11. Ne3 Ne7 12. d4 O-O 13. g3 c6 14. Nh4 Nf4 15. Qf3
Nh3+ 16. Kg2 Qxf3+ 17. Nxf3 exd4 18. cxd4 Ng5 19. Nxg5 hxg5 20. Nc2 g4 21. Bf4
Rd8 22. Rad1 d5 23. exd5 Nxd5 24. Bxd5 cxd5 25. Bc7 Rf8 26. Bd6 Rd8 27. Bc7 Rf8
28. Bd6 Bf5 29. Nb4 Rfd8 30. Nxd5 Bc2 31. Ne7+ Kh7 32. Rd2 Rxd6 33. Rxc2 Rxd4
34. Nf5 Rd5 35. Ne3 Bxe3 36. Rxe3 Rd7 37. Rec3 Re8 38. Rc7 Ree7 39. Rxd7 Rxd7
40. h3 gxh3+ 41. Kxh3 Kg6 42. Kg4 f5+ 43. Kf4 Kf6 44. Ke3 g5 45. f3 Re7+ 46. Kd3
f4 47. gxf4 gxf4 48. Kd4 Re3 49. Rc7 Rxf3 50. Ke4 Re3+ 1/2-1/2

[Event "World Blitz 2016"]
[Site "Doha QAT"]
[Date "2016.12.30"]
[Round "15.19"]
[White "Melkumyan, Hrant"]
[Black "Cheparinov, Ivan"]
[Result "0-1"]
[WhiteTitle "GM"]
[BlackTitle "GM"]
[WhiteElo "2633"]
[BlackElo "2689"]
[WhiteFideId "13302485"]
[BlackFideId "2905540"]
[EventDate "2016.12.29"]

1. Nf3 d5 2. d4 Nf6 3. Bf4 c5 4. e3 Nc6 5. Nbd2 Qb6 6. dxc5 Qxb2 7. Rb1 Qc3 8.
Bb5 e6 9. Ne5 Bd7 10. Nxd7 Nxd7 11. O-O Bxc5 12. Bxc6 bxc6 13. Rb7 Nf6 14. Nf3
O-O 15. Be5 Qc4 16. Nd2 Qg4 17. Qa1 Qg6 18. Nb3 Bb6 19. a4 Ng4 20. Bg3 h5 21. a5
Bd8 22. Bd6 Re8 23. h3 Nf6 24. Nd4 Ne4 25. Bh2 Bf6 26. Qa4 c5 27. Nf3 Nc3 28.
Qd7 Rad8 29. Qc6 Rc8 30. Qa6 Qxc2 31. Rxa7 d4 32. exd4 cxd4 33. Be5 d3 34. Bxf6
gxf6 35. Qb7 Rf8 36. Qd7 Nd5 37. Qd6 d2 38. Qg3+ Kh7 39. Qh4 Kh6 40. Nxd2 Qxd2
41. Rd7 Qg5 42. Qe4 Qg6 43. Qf3 Rfd8 44. Rb7 Ra8 45. Ra1 Ra6 46. Rb5 Rda8 47.
Qb3 Kg7 48. Qf3 R8a7 49. Ra3 h4 50. Ra4 f5 51. Ra3 Qf6 52. Kh1 Qd4 53. Rb1 Rxa5
54. Rxa5 Rxa5 55. Qh5 Qf6 56. Rb8 Ra1+ 57. Kh2 Qe5+ 58. g3 hxg3+ 59. Kg2 Nf4+ 0-1

[Event "World Blitz 2016"]
[Site "Doha QAT"]
[Date "2016.12.30"]
[Round "15.20"]
[White "Najer, Evgeniy"]
[Black "Amonatov, Farrukh"]
[Result "0-1"]
[WhiteTitle "GM"]
[BlackTitle "GM"]
[WhiteElo "2679"]
[BlackElo "2620"]
[WhiteFideId "4118987"]
[BlackFideId "14700077"]
[EventDate "2016.12.29"]

1. e4 c5 2. Nc3 d6 3. Bc4 Nc6 4. d3 g6 5. a3 Bg7 6. Ba2 e6 7. Nf3 Nge7 8. Be3
Nd4 9. O-O O-O 10. Rb1 Nec6 11. Nd2 b5 12. Ne2 Nxe2+ 13. Qxe2 b4 14. axb4 cxb4
15. Bb3 Nd4 16. Bxd4 Bxd4 17. Nf3 Bg7 18. Rfe1 a5 19. Ba4 Ba6 20. e5 Rc8 21. Qe3
Bb7 22. exd6 Qxd6 23. Nd2 Qd5 24. Qg3 Bc6 25. Bxc6 Rxc6 26. Nc4 a4 27. h3 Ra8
28. Ra1 h5 29. Ra2 Rca6 30. Qe3 Bd4 31. Qd2 b3 32. cxb3 axb3 33. Rxa6 Rxa6 34.
Qb4 Qf5 35. Qd2 Ra8 36. Kf1 Rd8 37. Re4 Qd5 38. g4 hxg4 39. hxg4 Bc5 40. Re5
Qh1+ 41. Ke2 Bd4 42. Re4 Qg2 43. Qf4 Bg7 44. Nd6 Rf8 45. Nc4 Rc8 46. Qf3 Qg1 47.
Qf4 Bxb2 48. Nxb2 Rc2+ 49. Ke3 Qe1+ 50. Kd4 Qc3+ 51. Ke3 Qxb2 52. Qb8+ Kh7 53.
Qh2+ Kg7 54. Qe5+ Qxe5 55. Rxe5 b2 56. Rb5 f5 57. g5 e5 58. f3 Rg2 59. d4 exd4+
60. Kxd4 Rxg5 61. Rxb2 Rg1 62. Ke3 Kh6 63. Kf2 Rc1 64. Kg3 Rc3 65. Kf4 Rc4+ 66.
Kg3 Kg5 67. Rb5 Rc2 68. Ra5 Rd2 69. Rb5 Re2 70. Ra5 Kf6 71. Ra6+ Re6 72. Ra5 Rb6
73. f4 Kg7 74. Ra8 Rb1 75. Kg2 Rb3 76. Rc8 Re3 77. Kf2 Re7 78. Kg3 Kh6 79. Rh8+
Rh7 80. Re8 Kh5 81. Re1 Kh6 82. Rh1+ Kg7 83. Rb1 Rh8 84. Rb7+ Kh6 85. Rb1 Re8
86. Rh1+ Kg7 87. Kf3 Ra8 88. Rb1 Ra3+ 89. Kf2 Rd3 90. Kg2 Kf6 91. Rb6+ Kf7 92.
Rb7+ Ke6 93. Rg7 Kd5 94. Rxg6 Ke4 95. Ra6 Rd2+ 96. Kf1 Kxf4 97. Ra3 Kg4 98. Kg1
Re2 99. Kf1 Rh2 100. Kg1 Rh3 101. Rxh3 0-1

[Event "World Blitz 2016"]
[Site "Doha QAT"]
[Date "2016.12.30"]
[Round "15.21"]
[White "Tomashevsky, Evgeny"]
[Black "Volokitin, Andrei"]
[Result "1/2-1/2"]
[WhiteTitle "GM"]
[BlackTitle "GM"]
[WhiteElo "2716"]
[BlackElo "2649"]
[WhiteFideId "4147235"]
[BlackFideId "14107090"]
[EventDate "2016.12.29"]

1. c4 Nf6 2. Nc3 e5 3. Nf3 Nc6 4. g3 Bb4 5. Bg2 O-O 6. O-O Re8 7. Nd5 Nxd5 8.
cxd5 Nd4 9. b3 Nxf3+ 10. Bxf3 e4 11. Bg2 c6 12. d3 Qf6 13. Be3 cxd5 14. dxe4
dxe4 15. Rc1 Ba3 16. Rc4 d5 17. Ra4 Qd6 18. Bf4 Qc5 19. Be3 Qd6 20. Bf4 Qc5 21.
Be3 Qd6 22. Bf4 Qc5 1/2-1/2

[Event "World Blitz 2016"]
[Site "Doha QAT"]
[Date "2016.12.30"]
[Round "15.22"]
[White "Vitiugov, Nikita"]
[Black "Henriquez Villagra, Cristobal"]
[Result "1/2-1/2"]
[WhiteTitle "GM"]
[BlackTitle "IM"]
[WhiteElo "2726"]
[BlackElo "2517"]
[WhiteFideId "4152956"]
[BlackFideId "3409350"]
[EventDate "2016.12.29"]

1. d4 d5 2. Bf4 Nf6 3. e3 c5 4. dxc5 Nc6 5. Bb5 Ne4 6. c4 e6 7. Nd2 Nxc5 8. cxd5
Qxd5 9. Ndf3 Ne4 10. Qxd5 exd5 11. Ne5 a6 12. Bxc6+ bxc6 13. Nxc6 Bd7 14. Nd4
Bb4+ 15. Ke2 Rc8 16. Ngf3 f6 17. Rhc1 Ke7 18. a3 Ba5 19. b4 Bb6 20. Bg3 g6 21.
Nd2 Bxd4 22. exd4 Bb5+ 23. Ke1 Nc3 24. f3 Rhe8 25. Kf2 Kf7 26. Re1 Rxe1 27. Rxe1
Na4 28. Nb3 Nb2 29. Nc5 Nd3+ 30. Nxd3 Bxd3 31. Bd6 Re8 32. Rc1 Re2+ 33. Kg1 Bc4
34. Ra1 g5 35. a4 Ke6 36. Bc5 Kd7 37. b5 axb5 38. a5 Ra2 39. Rxa2 Bxa2 40. a6
Kc6 41. a7 Kb7 42. g4 Bb1 43. Kf2 f5 44. h3 fxg4 45. hxg4 Bg6 46. Ke3 h5 47.
gxh5 Bxh5 48. Be7 Kxa7 1/2-1/2

[Event "World Blitz 2016"]
[Site "Doha QAT"]
[Date "2016.12.30"]
[Round "15.23"]
[White "Atabayev, Maksat"]
[Black "Riazantsev, Alexander"]
[Result "0-1"]
[WhiteTitle "GM"]
[BlackTitle "GM"]
[WhiteElo "2492"]
[BlackElo "2671"]
[WhiteFideId "14001101"]
[BlackFideId "4125029"]
[EventDate "2016.12.29"]

1. Nf3 d5 2. d4 Nf6 3. c4 e6 4. Nc3 a6 5. e3 b6 6. cxd5 exd5 7. Bd3 Bb7 8. O-O
Bd6 9. Qc2 O-O 10. b3 Nbd7 11. a4 Qe7 12. Bb2 Ne4 13. Ne2 f5 14. Rac1 c6 15.
Rfe1 a5 16. Nd2 Bxh2+ 17. Kxh2 Qh4+ 18. Kg1 Qxf2+ 19. Kh2 Rf6 20. Nf4 Rh6+ 21.
Nh3 Rxh3+ 0-1

[Event "World Blitz 2016"]
[Site "Doha QAT"]
[Date "2016.12.30"]
[Round "15.24"]
[White "Bok, Benjamin"]
[Black "Amin, Bassem"]
[Result "0-1"]
[WhiteTitle "GM"]
[BlackTitle "GM"]
[WhiteElo "2598"]
[BlackElo "2662"]
[WhiteFideId "1017063"]
[BlackFideId "10601457"]
[EventDate "2016.12.29"]

1. e4 e5 2. Nf3 Nc6 3. Bc4 Nf6 4. d3 h6 5. O-O d6 6. c3 g6 7. Re1 Bg7 8. Nbd2
O-O 9. Nf1 Na5 10. Bb5 a6 11. Ba4 b5 12. Bc2 c5 13. h3 Nc6 14. Ng3 d5 15. exd5
Nxd5 16. Ne4 Qb6 17. Bd2 Be6 18. Qc1 f5 19. Ng3 Kh7 20. h4 Rae8 21. a4 c4 22.
axb5 axb5 23. dxc4 bxc4 24. h5 g5 25. Bxg5 hxg5 26. Nxg5+ Kh8 27. Nxe6 Rxe6 28.
Nxf5 Nf4 29. Qe3 Qxe3 30. Rxe3 Bf6 31. Be4 Ne7 32. Ra7 Bg5 33. Nxe7 Rxe7 34.
Rxe7 Bxe7 35. Re1 Bc5 36. Bf3 Nd3 37. Re4 Bxf2+ 38. Kf1 Bg3 39. Rxc4 Nxb2 40.
Rb4 Nd3 41. Rb7 e4 42. Ke2 exf3+ 43. gxf3 Nf4+ 44. Ke3 Re8+ 45. Kd4 Bf2+ 46. Kc4
Nxh5 47. Rb2 Bg3 48. Kd5 Kg7 49. c4 Rd8+ 50. Ke4 Kg6 51. c5 Nf6+ 52. Ke3 Be5 53.
Rc2 Rc8 54. c6 Kf5 55. Rc5 Ke6 56. f4 Bd6 57. Rc2 Nd5+ 58. Ke4 Nxf4 59. Rc1 Nd5
60. Rc2 Nb4 61. Rc4 Nxc6 62. Ke3 Kd5 63. Rc1 Re8+ 64. Kf3 Nd4+ 65. Kg2 Rg8+ 66.
Kh3 Bf4 67. Ra1 Rg3+ 68. Kh4 Nf5+ 0-1

[Event "World Blitz 2016"]
[Site "Doha QAT"]
[Date "2016.12.30"]
[Round "15.25"]
[White "Jakovenko, Dmitry"]
[Black "Vallejo Pons, Francisco"]
[Result "0-1"]
[WhiteTitle "GM"]
[BlackTitle "GM"]
[WhiteElo "2704"]
[BlackElo "2711"]
[WhiteFideId "4122356"]
[BlackFideId "2205530"]
[EventDate "2016.12.29"]

1. d4 e6 2. c4 f5 3. g3 Nf6 4. Bg2 d5 5. Nf3 Bd6 6. O-O O-O 7. Nc3 c6 8. Rb1 Ne4
9. Qc2 a5 10. a3 Qe7 11. c5 Bc7 12. Bf4 Bxf4 13. gxf4 Bd7 14. b4 Be8 15. Ne5 Nd7
16. Nd3 Ndf6 17. f3 Nxc3 18. Qxc3 a4 19. Qd2 Kh8 20. Kh1 Nh5 21. Rg1 Rf6 22. Bf1
Rh6 23. Rg5 Nf6 24. e3 Rh5 25. Be2 h6 26. Rxh5 Bxh5 27. Rg1 Rg8 28. Qe1 Nd7 29.
Qd1 g5 30. Qxa4 g4 31. Qd1 Bg6 32. Qe1 h5 33. Ne5 Nxe5 34. fxe5 Ra8 35. Qc1 Qh4
36. Rg3 Kh7 37. Qc3 Qd8 38. Qb3 b5 39. cxb6 Qxb6 40. a4 Rb8 41. Rg1 f4 42. a5
Qxa5 43. bxa5 Rxb3 44. fxg4 Be4+ 0-1

[Event "World Blitz 2016"]
[Site "Doha QAT"]
[Date "2016.12.30"]
[Round "15.26"]
[White "Bologan, Victor"]
[Black "Nguyen, Ngoc Truong Son"]
[Result "1-0"]
[WhiteTitle "GM"]
[BlackTitle "GM"]
[WhiteElo "2640"]
[BlackElo "2629"]
[WhiteFideId "13900048"]
[BlackFideId "12401110"]
[EventDate "2016.12.29"]

1. e4 e5 2. Nf3 Nc6 3. Bc4 Bc5 4. O-O Nf6 5. d3 O-O 6. Bb3 d6 7. c3 a6 8. h3 Ba7
9. Re1 Ne7 10. Nbd2 Ng6 11. Nf1 Re8 12. Ng3 Be6 13. Bc2 d5 14. Ng5 dxe4 15. Nxe6
Rxe6 16. dxe4 Qxd1 17. Rxd1 Nf4 18. Kf1 Ree8 19. Nf5 g6 20. Ne3 Rad8 21. Rxd8
Rxd8 22. Nc4 Nd3 23. Bg5 Kg7 24. Rd1 Nxb2 25. Nxb2 Rxd1+ 26. Nxd1 Nd7 27. Be3
Bc5 28. Ke2 b5 29. Nb2 Bd6 30. Bb3 Kf8 31. Bd5 c5 32. Bb7 1-0

[Event "World Blitz 2016"]
[Site "Doha QAT"]
[Date "2016.12.30"]
[Round "15.27"]
[White "Flores, Diego"]
[Black "Banikas, Hristos"]
[Result "1-0"]
[WhiteTitle "GM"]
[BlackTitle "GM"]
[WhiteElo "2579"]
[BlackElo "2568"]
[WhiteFideId "108049"]
[BlackFideId "4202031"]
[EventDate "2016.12.29"]

1. c4 Nf6 2. Nc3 g6 3. e4 d6 4. g3 Bg7 5. Bg2 O-O 6. Nge2 c5 7. d3 Nc6 8. O-O
Rb8 9. h3 a6 10. a4 Bd7 11. Be3 Ne8 12. d4 b6 13. b3 Nc7 14. Ra2 e5 15. dxe5
dxe5 16. a5 Nxa5 17. Rd2 Qc8 18. Rxd7 Nxb3 19. Rxc7 Qxc7 20. Qxb3 b5 21. Nd5 Qd6
22. Nec3 Rfc8 23. Rd1 Bf8 24. Bf1 Qe6 25. Kg2 f5 26. cxb5 Kh8 27. b6 f4 28. Bc1
c4 29. Qa4 Bc5 30. Ba3 Bd4 31. Nxf4 Qf7 32. Rxd4 exd4 33. Ncd5 g5 34. Ne2 Rf8
35. Bxf8 Rxf8 36. f4 Qe6 37. Qxc4 Qxe4+ 38. Kf2 Rd8 39. b7 gxf4 40. Qxd4+ Qxd4+
41. Nxd4 Rb8 42. Bxa6 fxg3+ 43. Kxg3 Kg7 44. Nc6 Rg8 45. b8=Q 1-0

[Event "World Blitz 2016"]
[Site "Doha QAT"]
[Date "2016.12.30"]
[Round "15.28"]
[White "Li, Chao b"]
[Black "Perez Ponsa, Federico"]
[Result "1-0"]
[WhiteTitle "GM"]
[BlackTitle "GM"]
[WhiteElo "2720"]
[BlackElo "2585"]
[WhiteFideId "8604436"]
[BlackFideId "117927"]
[EventDate "2016.12.29"]

1. d4 Nf6 2. c4 g6 3. Nc3 Bg7 4. e4 d6 5. Nf3 O-O 6. Be2 e5 7. dxe5 dxe5 8. Qxd8
Rxd8 9. Bg5 Re8 10. Nd5 Nxd5 11. cxd5 c6 12. O-O cxd5 13. exd5 e4 14. Nd2 Bxb2
15. Rab1 Bg7 16. Nc4 h6 17. Nd6 Rf8 18. Be7 Nd7 19. Rfc1 Nb6 20. Bxf8 Bxf8 21.
Rxb6 axb6 22. Rxc8 Rxa2 23. Bf1 e3 24. fxe3 Kg7 25. Ne8+ Kh7 26. d6 Rd2 27. Rd8
h5 28. Bc4 Bh6 29. Nf6+ Kg7 30. Nd5 b5 31. Bb3 Rb2 32. h4 Rxb3 33. d7 Rd3 34.
Rg8+ Kxg8 35. d8=Q+ Kg7 36. Qf6+ Kg8 37. Ne7+ 1-0

[Event "World Blitz 2016"]
[Site "Doha QAT"]
[Date "2016.12.30"]
[Round "15.29"]
[White "Fressinet, Laurent"]
[Black "Salinas Herrera, Pablo"]
[Result "1-0"]
[WhiteTitle "GM"]
[BlackTitle "IM"]
[WhiteElo "2672"]
[BlackElo "2466"]
[WhiteFideId "608742"]
[BlackFideId "3407128"]
[EventDate "2016.12.29"]

1. Nf3 d5 2. g3 c6 3. Bg2 Bg4 4. O-O Nd7 5. d3 e6 6. c4 dxc4 7. dxc4 Ngf6 8. Nc3
Be7 9. b3 O-O 10. h3 Bh5 11. Bb2 Qc7 12. Qc2 Bg6 13. Qc1 h6 14. Rd1 a5 15. Qf4
e5 16. Qc1 Bc5 17. e3 e4 18. Nd4 Ne5 19. Na4 Be7 20. Ne2 Nd3 21. Qc2 Rfd8 22.
Nf4 Nxf4 23. gxf4 Rxd1+ 24. Rxd1 Re8 25. Nc3 Bf8 26. Ne2 Nd7 27. Ng3 f5 28. Bd4
Rd8 29. h4 b6 30. Bh3 c5 31. Bc3 Nb8 32. h5 Bf7 33. Bxf5 Nc6 34. Rxd8 Qxd8 35.
Qxe4 Qd1+ 36. Kg2 Nb4 37. Bxb4 axb4 38. Be6 Bxe6 39. Qxe6+ Kh8 40. Qxb6 Qd7 41.
Qg6 Qb7+ 42. Qe4 Qa7 43. Qe8 Kg8 44. Nf5 Qb7+ 45. e4 Qc7 46. e5 Qb7+ 47. f3 Qa7
48. Kg3 1-0